Relaciones tumultuosas : Estados Unidos y el primer peronismo /

Guardado en:
Autor Principal: Rapoport, Mario.
Otros Autores: Spiguel, Claudio.
Formato: Libro
Idioma:Spanish
Publicado: Buenos Aires : Emecé Editores, c2009.
Edición:1a. ed.
Materias:
Acceso en línea:Tapa, portada, índice, introducción y contratapa
Etiquetas: Agregar Etiqueta
Sin Etiquetas, Sea el primero en etiquetar este registro!
LEADER 01044cam a22002895a 4500
001 EAD.ead003108
008 090720s2009####ag#a#####b####001#0#spa#d
005 20120313110223.0
245 1 0 |a Relaciones tumultuosas :  |b Estados Unidos y el primer peronismo /  |c Mario Rapoport y Claudio Spiguel. 
250 |a 1a. ed. 
260 |a Buenos Aires :  |b Emecé Editores,  |c c2009. 
300 |a 522 p. ;  |c 25 cm. 
504 |a Incluye referencias bibliográficas (p. [495]-516) e índice. 
020 |a 9789500431750 
100 1 |a Rapoport, Mario. 
700 1 |a Spiguel, Claudio. 
043 |a s-ag---  |a n-us--- 
082 0 4 |a 327.82073  |2 21 
650 7 |a Política exterior.  |2 unbist 
653 |a Peronismo 
651 7 |a Argentina.  |2 unbist 
651 7 |a Estados Unidos.  |2 unbist 
010 |a  2009400258 
040 |a AR-BaFGC  |c AR-BaFGC  |d DLC 
050 0 0 |a E183.8.A7  |b R365 2009 
856 4 1 |y Tapa, portada, índice, introducción y contratapa  |u http://core.cambeiro.com.ar/0-154844-0.pdf 
859 |a AR-BaBDC  |b BIB. ADMINISTRACION - Libros  |h 327.82073  |i R182  |p b06442